| Tag |
First Indicator |
Second Indicator |
Subfields |
| LEADER |
00000cam a2200000 a 4500 |
| 001 |
in00000033454 |
| 005 |
20151007060629.0 |
| 008 |
870520s1987 nyu 00110 eng |
| 010 |
|
|
|a 86063175
|
| 019 |
|
|
|a 15715690
|
| 020 |
|
|
|a 091852654X
|
| 020 |
|
|
|a 0918526558 (pbk.)
|
| 035 |
|
|
|a (OCoLC)16472109
|
| 035 |
|
|
|9 AAC1320AM
|
| 040 |
|
|
|a DLC
|c DLC
|d OCL
|d TXA
|d UtOrBLW
|
| 049 |
|
|
|a TXAM
|c [A11116594]
|
| 050 |
0 |
0 |
|a PS3531.L86
|b A17 1987
|
| 082 |
0 |
|
|a 811/.52
|2 19
|
| 100 |
1 |
|
|a Plutzik, Hyam,
|d 1911-1962.
|
| 240 |
1 |
0 |
|a Works.
|f 1987
|
| 245 |
1 |
0 |
|a Hyam Plutzik :
|b the collected poems /
|c foreword by Anthony Hecht.
|
| 250 |
|
|
|a 1st ed.
|
| 264 |
|
1 |
|a Brockport, N.Y. :
|b Boa Editions ;
|c 1987.
|
| 264 |
|
2 |
|a St. Paul, Minn. :
|b Distributed by Bookslinger,
|
| 300 |
|
|
|a xix, 313 pages ;
|c 24 cm.
|
| 336 |
|
|
|a text
|b txt
|2 rdacontent
|
| 337 |
|
|
|a unmediated
|b n
|2 rdamedia
|
| 338 |
|
|
|a volume
|b nc
|2 rdacarrier
|
| 490 |
1 |
|
|a American poets continuum series ;
|v v. 13
|
| 500 |
|
|
|a Includes index.
|
| 505 |
0 |
|
|a Aspects of Proteus (1949) -- Apples from Shinar (1959) -- Horatio (1961) -- The unblest mythmaker : uncollected and unpublished poems -- Creativity in poetry : an afterword / by Hyam Plutzik.
|
| 830 |
|
0 |
|a American poets continuum series ;
|v v. 13.
|
| 999 |
|
|
|a MARS
|
| 999 |
f |
f |
|s 44690200-efcc-38cf-9efa-6710e21a1df4
|i 7e6ec51d-587b-3b38-9d03-bc367bdaca25
|t 0
|
| 952 |
f |
f |
|p ric
|a Texas A&M University
|b Rellis Campus
|c Joint Library Facility
|d Remote Storage
|t 0
|e PS3531.L86 A17 1987
|h Library of Congress classification
|i unmediated -- volume
|m A14811116594
|
| 998 |
f |
f |
|a PS3531.L86 A17 1987
|t 0
|l Remote Storage
|